Statistiques concernant Le rap et la mort

Cliquez ici pour prendre le quiz!

Statistiques générales

  • Ce quiz a été pris 26 fois
  • Le résultat moyen est 3 sur 13

Statistiques - réponses

HintRéponse% Correct
Quand mon heure sonnera, personne ne me sauvera. Prends ce que t’as à prendre car personne te le donneraBooba
82%
On insulte pas un mort qu’il soit bon ou mauvais. Dans mon camp ou dans le tien qu’ils reposent en paix.Rohff
59%
Et si un jour elle a disparu, c’est qu’elle est partie en lune de miel
En attendant, les jours de pluie elle met ses lunettes de soleil
Orelsan
50%
Mais qu’ils ont de la chance, d’avoir quitté ce monde, bien sûr ils nous manquent et ils nous manquerontDisiz
18%
La mort met tout le monde d'accord, fait oublier les causes : soit tu relativises, pètes les plombs ou te laisse aller. Je pleure pas mais mon écriture est saléeLacrim
18%
Même si je suis mort dites à ma sœur que j’suis en pleine formeHugo TSR
14%
Je vais envoyer cette lettre au Paradis sans pleurer comme un homme en espérant que les Anges te la donneSinik
9%
A Armand mon pote, j'espère que tu reposes en paix. Ca fait des années mais ton image ne cesse de me hanter : t'es parti, depuis j'ai encore moins d'amisPassi
5%
Cette année je veux pas de cadeaux. Je veux juste une échelle assez grande pour tchek mes proches qui sont partis là-hautSeth gueko
5%
M’accuse pas d’être tête en l’air, moi j’ai des frères au cielFababy
0%
La mort nous apprend la vie avec de la peine, voilà pourquoi je peine à vivrePsy4 de la rime
0%
Hier encore on retrouvait le corps sans vie d'un gosse de 17 ans
Criblé de balles, qui gisait dans une marre de sang
J'n'ose imaginer la douleur que les familles ressentent
Sat l’artificier
0%
Autant crever les yeux ouverts que vivre les yeux fermésSefyu
0%

Distribution des résultats

Percentile par nombre de réponses

% des personnes avec chaque résultat

Votre développement - résultats

Vous n’avez pas pris ce quiz